Spanish Adjectives 8 - Statistics

General Stats
  • This quiz has been taken 10 times
    4 since last reset
  • The average score is 131 of 500
Answer Stats
Español English % Correct
Adverbial Adverbial
100%
Anal Anal
100%
Asexual/Asexuado(a) Asexual
100%
Astrológico/Astrológica Astrological
100%
Binómico(a)/Binomial Binomial
100%
Biográfico/Biográfica Biographical
100%
Bisexual Bisexual
100%
Carbónico/Carbónica Carbonic
100%
Computable Computable
100%
Computacional Computational
100%
Concesional Concessional
100%
Contextual/Del contexto Contextual
100%
Convexo/Convexa Convex
100%
Deductivo/Deductiva Deductive
100%
Dialógico/Dialógica Dialogic
100%
Dictatorial Dictatorial
100%
Dimensional Dimensional
100%
Direccional Directional
100%
Ecológico/Ecológica Ecological
100%
Electrónico/Electrónica Electronic
100%
Eventual Eventual
100%
Fetal Fetal
100%
Delantero/Delantera (also frontal, forward) Front
100%
Frontal Frontal
100%
Genealógico/Genealógica Genealogical
100%
Heterosexual Heterosexual
100%
Hexagonal Hexagonal
100%
Homosexual Homosexual
100%
Hormonal Hormonal
100%
Imitativo/Imitativa Imitative
100%
Informal Informal
100%
Iónico/Iónica Ionic
100%
Jurásico/Jurásica Jurassic
100%
Medial Medial
100%
Mediocre Mediocre
100%
Menstrual Menstrual
100%
Metódico/Metódica Methodical
100%
Monográfico/Monográfica Monographic
100%
Múltiple Multiple
100%
Náutico/Náutica Nautical
100%
Neural Neural
100%
Neurológico/Neurológica Neurological
100%
Neuronal Neuronal
100%
Observacional/De observación Observational
100%
Pastoral/Pastoril Pastoral
100%
Patológico/Patológica Pathological
100%
Pentagonal Pentagonal
100%
Percusivo/Percusiva Percussive
100%
Performativo/Performativa Performative
100%
Prefrontal Prefrontal
100%
Propulsivo/Propulsiva Propulsive
100%
Rectal Rectal
100%
Relacional/De relación Relational
100%
Senatorial Senatorial
100%
Sociológico/Sociológica Sociological
100%
Testicular Testicular
100%
Textual Textual
100%
Triásico/Triásica Triassic
100%
Ultrasónico/Ultrasónica Ultrasonic
100%
Vaginal Vaginal
100%
Votivo/Votiva Votive
100%
Zoológico/Zoológica Zoological
100%
Abrahámico/Abrahámica Abrahamic
50%
Acromial Acromial
50%
Aeronáutico/Aeronáutica (also aeronautic) Aeronautical
50%
Alergénico/Alergénica Allergenic
50%
Aluvial/De aluvión Alluvial
50%
Analógico/Analógica Analogic
50%
Angular/Anguloso(a) Angular
50%
Apoteótico/Apoteótica Apotheotic
50%
Apriorístico/Apriorística Aprioristic
50%
Arbitral Arbitral
50%
Arsénico/Arsénica Arsenical
50%
Arterial Arterial
50%
Astronáutico/Astronáutica Astronautical
50%
Atópico/Atópica Atopic
50%
Ótico(a)/Áurico(a)/Del oído/Para la audición Aural
50%
Autobiográfico/Autobiográfica Autobiographical
50%
Autonómico/Autonómica Autonomic
50%
Banal Banal
50%
Binario/Binaria Binary
50%
Bioquímico/Bioquímica Biochemical
50%
Bubónico/Bubónica Bubonic
50%
Bucólico/Bucólica Bucolic
50%
Calculable Calculable
50%
Calorífico/Calorífica Calorific
50%
Cuidadoso(a)/Esmerado(a)/Acucioso(a) (also accurate, meticulous) Careful
50%
Cenozoico/Cenozoica Cenozoic
50%
Cefálico/Cefálica Cephalic
50%
Cronográfico/Cronográfica Chronographic
50%
Cítrico/Cítrica Citric
50%
Claustrofóbico/Claustrofóbica Claustrophobic
50%
Concatenativo/Concatenativa Concatenative
50%
Concéntrico/Concéntrica Concentric
50%
Congénito/Congénita Congenital
50%
Conectable Connectable
50%
Cosmogónico/Cosmogónica Cosmogonic
50%
Cosmográfico/Cosmográfica Cosmographic
50%
Cosmológico/Cosmológica Cosmological
50%
Cosmopolita Cosmopolitan
50%
Criptográfico/Criptográfica Cryptographic
50%
Despótico/Despótica Despotic
50%
Diacrónico/Diacrónica Diachronic
50%
Dialectal Dialectal
50%
Dialéctico/Dialéctica Dialectic
50%
Diatónico/Diatónica Diatonic
50%
Didáctico/Didáctica Didactic
50%
Dieléctrico/Dieléctrica Dielectric
50%
Diferencial Differential
50%
Bebible Drinkable
50%
Disléxico/Disléxica Dyslexic
50%
Electrofisiológico/Electrofisiológica Electrophysiological
50%
Etnográfico/Etnográfica Ethnographic
50%
Evanescente Evanescent
50%
Evidencial Evidential
50%
Explicativo/Explicativa Explicative
50%
Femoral Femoral
50%
Funcional Functional
50%
Gradual/Paulatino(a) Gradual
50%
Heliográfico/Heliográfica Heliographic
50%
Herético/Herética Heretical
50%
Hidroeléctrico/Hidroeléctrica Hydroelectric
50%
Hidrográfico/Hidrográfica Hydrographic
50%
Hidrológico(a)/Hídrico(a) Hydrological
50%
Hidrofóbico(a)/Hidrófobo(a) Hydrophobic
50%
Hidropónico/Hidropónica Hydroponic
50%
Hipoalergénico/Hipoalergénica Hypoallergenic
50%
Ideológico/Ideológica Ideological
50%
Idiomático/Idiomática Idiomatic
50%
Inmunológico/Inmunológica Immunological
50%
Inaugural/De inauguración/De toma de posesión/De investidura/De constitución/De apertura Inaugural
50%
Incontinente Incontinent
50%
Indolente Indolent
50%
Interplanetario/Interplanetaria Interplanetary
50%
Jovial Jovial
50%
Láctico/Láctica Lactic
50%
Libertino/Libertina Libertine
50%
Logístico/Logística Logistical
50%
Macroscópico/Macroscópica Macroscopic
50%
Mamario/Mamaria Mammary
50%
Meritocrático/Meritocrática Meritocratic
50%
Mesozoico/Mesozoica Mesozoic
50%
Metalúrgico/Metalúrgica Metallurgical
50%
Microbiológico/Microbiológica Microbiological
50%
Monástico(a)/Monacal Monastic
50%
Monológico/Monológica Monologic
50%
Monosilábico/Monosilábica Monosyllabic
50%
Morfológico/Morfológica Morphological
50%
Multidimensional/Pluridimensional Multidimensional
50%
Mitológico/Mitológica Mythological
50%
Narcoléptico/Narcoléptica Narcoleptic
50%
Nítrico/Nítrica Nitric
50%
Nitroso/Nitrosa Nitrous
50%
Normativo/Normativa Normative
50%
Nucleico/Nucleica Nucleic
50%
Oclusivo/Oclusiva Occlusive
50%
Octogonal/Octagonal Octagonal
50%
Oficioso/Oficiosa Officious
50%
De mente abierta Open-minded
50%
Ortopédico/Ortopédica Orthopedic
50%
Paleozoico/Paleozoica Paleozoic
50%
Parapléjico/Parapléjica Paraplegic
50%
Perfectible Perfectible
50%
Perineal Perineal
50%
Permisible Permissible
50%
Físico/Física Physical
50%
Plenario/Plenaria Plenary
50%
Poligonal Polygonal
50%
Polinómico/Polinómica Polynomial
50%
Pornográfico/Pornográfica Pornographic
50%
Poroso/Porosa Porous
50%
Postal/De correos Postal
50%
Potable Potable
50%
Premeditativo/Premeditativa Premeditative
50%
Preternatural Preternatural
50%
Pronominal Pronominal
50%
Propulsor(a)/Propelente/Propulsante Propellent
50%
Psicotrópico(a)/Sicotrópico(a) Psychotropic
50%
Cuádruple Quadruple
50%
Rabínico/Rabínica Rabbinic
50%
Sepulcral Sepulchral
50%
Siderúrgico/Siderúrgica Siderurgical
50%
Sulfúrico/Sulfúrica Sulfuric
50%
Silábico/Silábica Syllabic
50%
Taxonómico/Taxonómica Taxonomic
50%
Tecnocrático/Tecnocrática Technocratic
50%
Tempestuoso/Tempestuosa Tempestuous
50%
Teológico/Teológica Theological
50%
Termoeléctrico/Termoeléctrica Thermoelectric
50%
Termonuclear Thermonuclear
50%
Topográfico/Topográfica Topographic
50%
Turístico/Turística Touristic
50%
Transaccional Transactional
50%
Trisilábico/Trisilábica Trisyllabic
50%
Uterino/Uterina Uterine
50%
Ventricular Ventricular
50%
Victoriano/Victoriana Victorian
50%
Visémico/Visémica Visemic
50%
Zoomórfico/Zoomórfica Zoomorphic
50%
Abstruso/Abstrusa Abstruse
0%
Acerbo/Acerba (also bitter, tart) Acerbic
0%
Acídulo(a)/Acidulado(a) (also acidified) Acidulous
0%
Acre Acrid
0%
Administrable Administrable
0%
Enardecido/Enardecida Aflame
0%
Vespertino/Vespertina (also evening) Afternoon
0%
De vuelo/Aerotransportado(a) Airborne
0%
Algorítmico/Algorítmica Algorithmic
0%
Alcalino/Alcalina Alkaline
0%
Amorfo/Amorfa Amorphous
0%
Amortizable Amortizable
0%
Anecdótico/Anecdótica Anecdotal
0%
Animista (also animist) Animistic
0%
Anular Annular
0%
Antebraquial Antebrachial
0%
Antecubital Antecubital
0%
Antrópico/Antrópica Anthropic
0%
Antimicrobiano/Antimicrobiana Antimicrobial
0%
Apócrifo/Apócrifa Apocryphal
0%
Artrítico/Artrítica Arthritic
0%
Ceniciento/Cenicienta Ashen
0%
Asnal Asinine
0%
Astringente Astringent
0%
Embargable Attachable
0%
Automovilístico(a)/Automotor(a)/Automotriz Automotive
0%
Axilar Axillary
0%
Biotecnológico/Biotecnológica Biotechnological
0%
Bisilábico/Bisilábica Bisyllabic
0%
Borroso/Borrosa Blurry
0%
Presupuestario(a)/Presupuestal Budgetary
0%
Bulboso/Bulbosa Bulbous
0%
Carpiano/Carpiana Carpal
0%
Cervical/De cuello uterino/De cerviz/Cérvico-uterino/Cérvico(a)/Cervicouterino(a) Cervical
0%
Escalofriante Chilling
0%
Cromado/Cromada Chrome
0%
Ctónico/Ctónica Chthonic
0%
Regordete(a)/Gordito(a)/Gordinflón/Cachigordo/Mofletudo(a)/Retaco(a)/Rellenita/Rollizo(a)/Rechoncho(a) (also squat, tubby, plump) Chubby
0%
Circunstancial/Coyuntural Circumstantial
0%
Coleccionable Collectable
0%
Concesionario/Concesionaria Concessionary
0%
Concesivo/Concesiva Concussive
0%
Majo Congenial
0%
Congresual/Del congreso Congressional
0%
Consonántico/Consonántica Consonantal
0%
Consumible Consumable
0%
Convaleciente Convalescent
0%
Craneal/Craneano(a) Cranial
0%
Craso/Crasa Crass
0%
Crédulo/Crédula Credulous
0%
Crepuscular (also twilight, dawn, dusk) Crepuscular
0%
Cretácico(a)/Cretáceo(a) Cretaceous
0%
Criminal/Delictivo(a) Criminal
0%
Criogénico/Criogénica Cryogenic
0%
Culto/Culta Cultured
0%
Cumulativo/Cumulativa Cumulative
0%
De la custodia/De vigilancia/De mantenimiento Custodial
0%
Quístico(a)/Cístico(a) Cystic
0%
Dedicatorio/Dedicatoria Dedicatory
0%
Derrelicto/Derrelicta Derelict
0%
Desacoplable/Desprendible/Despegable/Desconectable/Postizo (also hairpiece, false, phony) Detachable
0%
Determinante Determinant
0%
Diárquico/Diárquica Diarchic
0%
Digerible Digestible
0%
Diminuto/Diminuta (also tiny) Diminutive
0%
Desconsolado/Desconsolada Disconsolate
0%
Desconfiado/Desconfiada Distrustful
0%
Disilábico/Disilábica Disyllabic
0%
Doctrinario(a)/Doctrinal Doctrinal
0%
Modorro(a)/Adormilado(a)/Con sueño (also sleepy) Drowsy
0%
Hacendoso/Hacendosa Dutiful
0%
Ecuménico/Ecuménica Ecumenical
0%
Eidético/Eidética Eidetic
0%
Embrionario(a)/Embriónico(a) Embryonic
0%
Enfático/Enfática Emphatic
0%
Endoscópico/Endoscópica Endoscopic
0%
Efímero/Efímera Ephemeral
0%
Epidérmico/Epidérmica (also epidermal) Epidermic
0%
Episódico/Episódica Episodic
0%
Epistolar Epistolary
0%
Epónimo(a)/Con ese nombre/Del mismo nombre Eponymous
0%
Estimable Estimable
0%
Etnolingüístico/Etnolingüística Ethnolinguistic
0%
Eucarístico/Eucarística Eucharistic
0%
Elogioso/Elogiosa Eulogistic
0%
Cambiable Exchangeable
0%
Exegético/Exegética Exegetical
0%
Expedicionario/Expedicionaria Expeditionary
0%
Gastable Expendable
0%
Explicatorio(a)/Aclaratorio(a) Explanatory
0%
Extraíble Extractable
0%
Faccioso/Facciosa Factional
0%
Fétido/Fétida Fetid
0%
Filial Filial
0%
Ignífugo(a)/Antifuego/A prueba de fuego Fireproof
0%
Resistente al fuego Fire-resistant
0%
Fijable Fixable
0%
Halagador(a)/Favorecedor(a) (also facilitating, becoming)/Halagüeño(a)/Lisonjero(a) Flattering
0%
Fugaz Fleeting
0%
Fragmentario/Fragmentaria Fragmentary
0%
Fúngico(a)/Fungoso(a) Fungal
0%
Fungible Fungible
0%
Bajo de moral Gloomy
0%
Gnóstico/Gnóstica Gnostic
0%
Gobernable Governable
0%
Gubernamental/Gubernativo(a) Governmental
0%
Grogui/Atontado(a) (also stunned, stupid, dazed, numb, muddle-headed) Groggy
0%
Hegemónico/Hegemónica Hegemonic
0%
Hemipléjico/Hemipléjica Hemiplegic
0%
Hemisférico/Hemisférica Hemispheric
0%
Hercúleo/Hercúlea Herculean
0%
Casero(a)/Hogareño(a) Homely
0%
Hortícola Horticultural
0%
Resacoso(a)/Con resaca Hungover
0%
Hipotérmico/Hipotérmica Hypothermic
0%
Innoble/Poco noble Ignoble
0%
Ignominioso/Ignominiosa Ignominious
0%
Ilíquido/Ilíquida Illiquid
0%
Ilusorio/Ilusoria Illusory
0%
Inamovible/Inmueble Immovable
0%
Poco plausible/Inverosímil Implausible
0%
Impracticable Impracticable
0%
Impropio/Impropia Improper
0%
Mejorable Improvable
0%
Poco propicio(a) Inauspicious
0%
Incalculable/Imposible de calcular Incalculable
0%
Incombustible Incombustible
0%
Indecoroso/Indecorosa Indecorous
0%
Indigesto(a)/Indigerible Indigestible
0%
Indistinto/Indistinta Indistinct
0%
Inestimable Inestimable
0%
Inflacionario/Inflacionaria Inflationary
0%
Inhibitorio/Inhibitoria Inhibitory
0%
Intercelular Intercellular
0%
Interdisciplinar/Interdisciplinario(a) Interdisciplinary
0%
Interminable (also endless, never-ending, unending, everlasting) Interminable
0%
Interministerial Interministerial
0%
Interprovincial Interprovincial
0%
Irreconciliable/Inconciliable Irreconcilable
0%
Isósceles Isosceles
0%
Jocundo/Jocunda Jocund
0%
Laberíntico/Laberíntica Labyrinthine
0%
Lascivo/Lasciva (also raunchy, lecherous, prurient) Lascivious
0%
Laudatorio/Laudatoria Laudatory
0%
Plomizo/Plomiza Leaden
0%
Impúdico/Impúdica Lewd
0%
Libidinoso/Libidinosa Libidinous
0%
Licencioso/Licenciosa Licentious
0%
Lícito/Lícita (also lawful, legal, legitimate) Licit
0%
Litigioso/Litigiosa Litigious
0%
Lujurioso/Lujuriosa Lustful
0%
Maquinable/Mecanizable/Labrable Machinable
0%
Maleable Malleable
0%
Gestionable Manageable
0%
Maniobrable/Manejable (also manageable) Maneuverable
0%
Mecanicista Mechanistic
0%
Megalítico/Megalítica Megalithic
0%
Megalómano/Megalómana Megalomaniacal
0%
Mesolítico/Mesolítica Mesolithic
0%
Meteorológico/Meteorológica Meteorological
0%
Microbiano(a)/De microbios Microbial
0%
Migratorio/Migratoria Migratory
0%
Mímico/Mímica Mimic
0%
Ministerial/De ministros/Del ministerio Ministerial
0%
Moldeable Moldable
0%
Momentáneo/Momentánea Momentary
0%
Monolítico(a)/De una sola piedra Monolithic
0%
Monónimo/Monónima Mononymous
0%
Monopléjico/Monopléjica Monoplegic
0%
Moribundo/Moribunda (also dying) Moribund
0%
Matutino(a)/Mañanero(a)/Matinal/De mañana/De la mañana/De madrugada Morning
0%
Movible Movable
0%
Multidisciplinar/Multidisciplinario(a)/Pluridisciplinar/Pluridisciplinario(a) Multidisciplinary
0%
Multifacético(a)/Polifacético(a) Multifaceted
0%
Multiforme Multiform
0%
Micótico/Micótica Mycotic
0%
Naturopático/Naturopática Naturopathic
0%
Neolítico/Neolítica Neolithic
0%
Noticioso(a)/De interés periodístico Newsworthy
0%
Sin alcohol/No alcohólico(a) Non-alcoholic
0%
Nororiental Northeastern
0%
Del noroeste/Noroccidental/Al noroeste/Por el noroeste Northwestern
0%
Notarial Notarial
0%
Nocivo/Nociva (also harmful) Noxious
0%
A nueces Nutty
0%
Objetable Objectionable
0%
Oclusal Occlusal
0%
Oligárquico/Oligárquica Oligarchic
0%
Sin plazo definido Open-ended
0%
Oracular Oracular
0%
Ortográfico/Ortográfica Orthographic
0%
Ovárico/Ovárica Ovarian
0%
Paleolítico/Paleolítica Paleolithic
0%
Peyorativo/Peyorativa Pejorative
0%
Penal/Penitenciario(a) Penal
0%
Peniano(a)/De pene Penile
0%
Periférico/Periférica Peripheral
0%
Persecutorio/Persecutoria Persecutory
0%
Pestilento/Pestilenta Pestilential
0%
Filantrópico/Filantrópica Philanthropic
0%
Fotosensible Photosensitive
0%
Filogenético/Filogenética Phylogenetic
0%
Piratesco(a)/Pirático(a) Piratical
0%
Plosivo/Plosiva Plosive
0%
Pluralista Pluralistic
0%
Neumático/Neumática Pneumatic
0%
Poliamoroso/Poliamorosa Polyamorous
0%
Poliquístico/Poliquística Polycystic
0%
Polisilábico/Polisilábica Polysyllabic
0%
Practicable Practicable
0%
Prensil Prehensile
0%
Imprimible/Para imprimir Printable
0%
Proliferativo/Proliferativa Proliferative
0%
Prometedor/Prometedora Promising
0%
Promisorio/Promisoria Promissory
0%
Profiláctico/Profiláctica Prophylactic
0%
Propiciatorio/Propiciatoria Propitiatory
0%
Propicio/Propicia Propitious
0%
Psicosomático/Psicosomática Psychosomatic
0%
Piroclástico/Piroclástica Pyroclastic
0%
Cuadripléjico/Cuadripléjica Quadriplegic
0%
Cuadrúpedo(a)/Cuádrupedal Quadrupedal
0%
Mugriento (also mucky, grimy, filthy) Raunchy
0%
Recalcitrante Recalcitrant
0%
Reconciliable/Conciliable Reconcilable
0%
De reconciliación Reconciliatory
0%
Recrudescente Recrudescent
0%
Rectilíneo/Rectilínea Rectilinear
0%
Reciclable Recyclable
0%
Refractario(a)/Indócil (also disobedient, headstrong)/Insumiso(a) Refractory
0%
Reembolsable Reimbursable
0%
Removible/De quita y pon/Amovible/Desmontable Removable
0%
Retumbante (also booming) Resounding
0%
Retiniano(a)/Retinal Retinal
0%
Rotundo/Rotunda Rotund
0%
Rutinario(a)/De rutina Routine
0%
Sabático/Sabática Sabbatical
0%
Salaz Salacious
0%
Escapular Scapular
0%
Esquizoide Schizoid
0%
Escolástico(a)/Escolar Scholastic
0%
Autoinfligido/Autoinfligida Self-inflicted
0%
Friolento/Friolenta (also chilly) Sensitive to the cold
0%
Septicémico/Septicémica Septicemic
0%
Sésil Sessile
0%
Chamánico/Chamánica Shamanic
0%
De mala calidad/Mal hecho/Chapucero(a) (also botched, sloppy) Shoddy
0%
Calumnioso/Calumniosa Slanderous
0%
Deslizante (also slippery)/Corredizo Sliding
0%
Pueblerino/Pueblerina Small-town
0%
Soñoliento/Soñolienta Somnolent
0%
Soporífero/Soporífera Soporific
0%
Del sudeste/Suroriental/Sudoriental Southeastern
0%
Del sudoeste/Suroccidental/Sudoccidental Southwestern
0%
Veloz (also fast, quick, swift, rapid)/Presuroso(a) Speedy
0%
Punzante/Con puntas/Con púas/Con pinchos Spiky
0%
Achaparrado/Achaparrada Squat
0%
Estadístico/Estadística Statistical
0%
Acérrimo/Acérrima Staunch
0%
Estentóreo/Estentórea Stentorian
0%
Esternal Sternal
0%
Sumergible Submersible
0%
Subóptimo/Subóptima Suboptimal
0%
De calidad inferior/De segunda Substandard
0%
Sustituible (also replaceable, exchangeable) Substitutable
0%
Suntuoso(a)/Opíparo(a) (also hearty, rich) Sumptuous
0%
Soberbio/Soberbia (also proud, haughty, excellent, arrogant) Superb
0%
Superfluo/Superflua Superfluous
0%
Suplementario(a)/Supletorio(a) (also supplemental) Supplementary
0%
Tartárico/Tartárica Tartaric
0%
Tibio/Tibia Tepid
0%
Testifical Testimonial
0%
Tetrapléjico/Tetrapléjica Tetraplegic
0%
Torácico/Torácica Thoracic
0%
Minucioso/Minuciosa (also close, careful, meticulous, elaborate, exhaustive, minute)/Cabal (also full, complete) Thorough
0%
Tempestivo/Tempestiva Timely
0%
Timorato/Timorata Timorous
0%
Cabal (also full, complete) Total
0%
Trascendental Transcendental
0%
Tratable Treatable
0%
Trémulo/Trémula Tremulous
0%
Trinitario/Trinitaria Trinitarian
0%
Trino/Trina Triune
0%
Tubular/En forma de tubo Tubular
0%
Inerme/Sin armas/No armado(a) Unarmed
0%
Inculto/Inculta Uncultured
0%
Submarino/Submarina Undersea
0%
Poco lisonjero(a)/Poco favorecedor(a)/Poco halagüeño(a) Unflattering
0%
Ingobernable Ungovernable
0%
Ingestionable/Inabarcable (also unfathomable, inscrutable, incomprehensible) Unmanageable
0%
Inconfundible Unmistakable
0%
Sin pretensiones Unpretentious
0%
Intempestivo/Intempestiva Untimely
0%
No tratable/Intratable Untreatable
0%
Varicoso/Varicosa Varicose
0%
Viril Virile
0%
Cálido(a)/Caluroso(a)/De abrigo/Calentito(a)/Calientito(a) Warm
0%
Precavido(a) (also cautious, careful)/Receloso(a) (also suspicious, distrustful) Wary
0%
Serpenteante Winding
0%
Invernal Wintry
0%
Mundial/Del mundo Worldwide
0%
No matching quizzes found
Score Distribution
Percent of People with Each Score
Percentile by Number Answered
Your Score History
You have not taken this quiz since the last reset